Mario Characters Quiz - Statistics

General Stats
  • This quiz has been taken 60 times
  • The average score is 38 of 67
Answer Stats
Number Hint Answer % Correct
1 The Main Character Mario
100%
2 His Brother Luigi
98%
4 The Princesses Princess Daisy
96%
6 Rideable Dinosaur Yoshi
96%
3 The Princesses Princess Peach
94%
8 Mushroom Man Toad
90%
18 Baby of Number 2 Baby Luigi
88%
17 Baby of Number 1 Baby Mario
88%
19 Baby of Number 3 Baby Peach
88%
10 Mario's Nemesis Bowser
88%
13 Gorilla Donkey Kong
88%
20 Baby of Number 4 Baby Daisy
85%
15 Side-Kick of 13 Diddy Kong
85%
5 The Princesses Princess Rosalina
83%
22 Baby of Number 6 Baby Yoshi
79%
12 Luigi Copy Waluigi
79%
11 Mario Copy Wario
79%
21 Baby of Number 5 Baby Rosalina
77%
23 Baby of Number 12 Baby Wario
77%
7 Pink Dinosaur Birdo
77%
24 Baby of Number 13 Baby Waluigi
75%
35 Generic Ghost Enemy Boo
75%
32 Generic Turtle Enemy Koopa Troopa
73%
31 Generic Mushroom Enemy Goomba
71%
26 Hammer Throwing Koopa Hammer Bro
71%
14 Grandfather of 13 Cranky Kong
69%
25 Mario's Original Love Pauline
63%
29 Boomerang Throwing Kopa Boomerang Bro
60%
27 Fire Throwing Koopa Fire Bro
60%
28 Ice Throwing Koopa Ice Bro
60%
41 Dead Version of 32 Dry Bones
58%
38 Generic Plant Enemy Piranha Plant
58%
9 Elderly Mushroom Man Toadsworth
58%
16 Girlfriend of 15 Dixie Kong
56%
46 King Version of 35 King Boo
56%
37 Generic Fish Enemy Cheep Cheep
54%
33 Generic Caterpillar Enemy Wiggler
54%
36 Generic Bomb Enemy Bob-Omb
52%
55 Koopaling Bowser Jr.
52%
34 Generic Squid Enemy Blooper
50%
63 Mario's Hat Cappy
48%
60 Magikoopa Kamek
48%
65 Rosalina's Star Allies Luma
48%
47 King Version of 36 King Bob-Omb
44%
67 Koopa that drops Spikes Lakitu
44%
66 Thief Bunny Nabbit
44%
44 Flying Version of 32 Paratroopa
44%
42 Flying Version of 31 Paragoomba
42%
45 Boss Version of 38 Petey Piranha
42%
50 Koopaling Ludwig Von Koopa
35%
61 Smash Smash Boom Boom
33%
52 Koopaling Lemmy Koopa
31%
49 Koopaling Roy Koopa
31%
54 Koopaling Iggy Koopa
29%
62 Girl Version of the Above Pom Pom
29%
64 Peach's Crown Tiara
29%
53 Koopaling Larry Koopa
27%
39 Generic Cactus Enemy Pokey
27%
48 Koopaling Morton Koopa
25%
40 Little Man Enemy Shy Guy
23%
56 Broodal Topper
23%
51 Koopaling Wendy O Koopa
23%
57 Broodal Hariet
19%
59 Broodal Rango
19%
58 Broodal Spewart
17%
43 Flying Version of 40 Fly Guy
13%
30 Big Version of 25 Sumo Bro
13%
No matching quizzes found
Score Distribution
Percent of People with Each Score
Percentile by Number Answered
Your Score History
You have not taken this quiz